Sports Quiz

Random Sports or MLB Quiz

MLB Top HR Hitting Trios Quiz Stats

 Plays Quiz Updated Oct 9, 2012

Challenge
Share
Tweet
Embed
Score 0/162 Timer 12:00
0 Plays Today
% Correct
Barry Bonds
97.6%
Barry Bonds
97.6%
Barry Bonds
97.5%
Alex Rodriguez
94.7%
Alex Rodriguez
94.7%
Alex Rodriguez
94.7%
Alex Rodriguez
94.7%
Alex Rodriguez
94.7%
Alex Rodriguez
94.7%
Ivan Rodriguez
93.9%
Albert Pujols
92%
Albert Pujols
92%
Albert Pujols
92%
Ryan Howard
91%
Ryan Howard
91%
Ryan Howard
91%
Ryan Howard
91%
David Ortiz
89.1%
David Ortiz
89.1%
David Ortiz
89.1%
Manny Ramirez
87.8%
Manny Ramirez
87.8%
Manny Ramirez
87.8%
Aramis Ramirez
87.4%
Aramis Ramirez
87.4%
Chipper Jones
85.9%
Andruw Jones
85.8%
Andruw Jones
85.8%
Andruw Jones
85.8%
Prince Fielder
85.4%
Prince Fielder
85.4%
Jeff Bagwell
84.6%
Jeff Bagwell
84.6%
Luis Gonzalez
81.7%
Juan Gonzalez
81.6%
Sammy Sosa
81.1%
Sammy Sosa
81.1%
Ryan Braun
80.6%
Ryan Braun
80.6%
Chase Utley
79.5%
Chase Utley
79.5%
Jim Thome
77%
Jim Thome
77%
Jim Thome
77%
Jim Thome
77%
Jeff Kent
74.9%
Jeff Kent
74.9%
Jeff Kent
74.9%
Jose Bautista
72.7%
Jason Giambi
72.5%
Jason Giambi
72.5%
Jason Giambi
72.5%
Jason Giambi
72.5%
Jason Giambi
72.5%
% Correct
Todd Helton
71.1%
Todd Helton
71.1%
Frank Thomas
70.1%
Frank Thomas
70.1%
Lance Berkman
70%
Jimmy Rollins
69.6%
Paul Konerko
68.9%
Paul Konerko
68.9%
Mark Teixeira
68.2%
Mark Teixeira
68.2%
Carlos Lee
66.3%
Carlos Lee
66.3%
Derrek Lee
66.2%
Carlos Delgado
64.4%
Carlos Delgado
64.4%
Carlos Delgado
64.4%
Larry Walker
64.2%
Ken Griffey
63.9%
Matt Williams
62.4%
Jim Edmonds
60.3%
Jim Edmonds
60.3%
Jim Edmonds
60.3%
Alfonso Soriano
60.1%
Alfonso Soriano
60.1%
Alfonso Soriano
60.1%
Robinson Cano
60.1%
Mark McGwire
60%
Adam Dunn
58.8%
Curtis Granderson
58.3%
Carlos Beltran
58.3%
Edgar Martinez
55.6%
Rafael Palmeiro
54.6%
Rafael Palmeiro
54.6%
Rafael Palmeiro
54.6%
Troy Glaus
51.9%
Troy Glaus
51.9%
Jermaine Dye
51.7%
Jermaine Dye
51.7%
David Wright
50.7%
Garret Anderson
50.6%
Shawn Green
49.2%
Jayson Werth
48.4%
Gary Sheffield
47.6%
Gary Sheffield
47.6%
Gary Sheffield
47.6%
Gary Sheffield
47.6%
Scott Rolen
47.5%
Scott Rolen
47.5%
Raul Ibañez
47%
Jorge Posada
46%
Vernon Wells
43.9%
Miguel Tejada
40.8%
Miguel Tejada
40.8%
Javy Lopez
37.4%
% Correct
Richie Sexson
37.2%
Moises Alou
36.2%
Moises Alou
36.2%
Moises Alou
36.2%
Pat Burrell
34.3%
Pat Burrell
34.3%
Pat Burrell
34.3%
Johnny Damon
32.8%
Jay Buhner
32.5%
Aaron Hill
31.7%
Andres Galarraga
31.2%
Hideki Matsui
31%
Vinny Castilla
30.1%
Magglio Ordoñez
29.8%
Magglio Ordoñez
29.8%
Eric Chavez
28.7%
Rich Aurilia
28.7%
Richard Hidalgo
28.5%
Jason Varitek
28.4%
Mo Vaughn
28%
Jose Cruz
26.7%
Fred McGriff
26.3%
Brandon Phillips
24.7%
Mike Lowell
23.8%
Karim Garcia
21.7%
Carlos Quentin
20.9%
Hank Blalock
19.6%
Tony Batista
19.4%
Jeromy Burnitz
18.3%
Jeromy Burnitz
18.3%
Jeromy Burnitz
18.3%
Ellis Burks
16.9%
Ellis Burks
16.9%
Ellis Burks
16.9%
Raul Mondesi
14.5%
Reggie Sanders
13.9%
Reggie Sanders
13.9%
J.J. Hardy
13.5%
Robin Ventura
12.1%
Ryan Ludwick
12%
Mike Cameron
11.4%
Ray Lankford
10.7%
Jose Hernandez
10.4%
Adam LaRoche
6.6%
Jeff Francoeur
6%
Jose Valentin
5.7%
Jose Valentin
5.7%
Mark Bellhorn
5.4%
Paul Lo Duca
5.3%
Brad Fullmer
4.4%
Jeff Cirillo
3.3%
Herbert Perry
2.6%
Ben Grieve
2.3%
David Dellucci
1.8%

You're not logged in!

Compare scores with friends on all Sporcle quizzes.
OR
Log In

You Might Also Like...

Show Comments

Extras

Top Quizzes Today


Score Distribution

Your Account Isn't Verified!

In order to create a playlist on Sporcle, you need to verify the email address you used during registration. Go to your Sporcle Settings to finish the process.

Report this User

Report this user for behavior that violates our Community Guidelines.

Details: